Statistics for Belize Cities by Map

Click here to take the quiz!

General Stats

  • This quiz has been taken 152 times
  • The average score is 5 of 10

Answers on the Map

Answers color-coded by a green-red scale on the quiz's map according to % correct below.
 

Answer Stats

Cities% Correct
Belmopan
98%
Belize City
97%
Orange Walk
56%
San Pedro
45%
San Ignacio
44%
Dangriga
43%
Corozal
41%
Punta Gorda
39%
Placencia
33%
La Democracia
25%

Score Distribution

Percentile by Number Answered

Percent of People with Each Score

Your Score History

You have not taken this quiz